02079cam a22004574i 4500003000900000005001700009008004100026020001500067035002700082040003300109049000900142082002100151100002700172245002500199264003600224300003800260336002100298337002500319338002300344505055700367526001000924526001000934526001000944526001000954526000800964526000800972526000800980526000800988526000800996526000801004526000801012650005601020910001801076942001401094949012801108994001401236596000601250999015401256980005501410952015601465PE-LiUPU20250731173521.0150616s r 000 0 d a0871629917 a(Sirsi) i9780871629913 aPE-LiUPUbspacPE-LiUPUerda aPRUA04a254.502bW742211 aWithrow, Oral,eautor.10aOur Church Can Grow. 1aIndiana :bWarner Press,c1991. a224 páginas ;c19 centímetros atext2rdacontent aunmediated2rdamedia avolume2rdacarrier0 aWe Could Grow.- A Biblical Basis for Church Growth.- The Numbers Game.- A Word of Caution from the Theologians.- Ways to Grow a Church.- Church Growth Is Multidimensional.- The Church Grows Upward through Worship.- Church Growth Principles.- The Church of God and the Church Growth Movement.- Renewal.- The Pastor Is a Key to Growth.- The Samll Church Can Grow.- A Multiple Staff for the Growing Church.- The Challenge of Church Planting.- Six Crucial Issues Affecting Growth in the Local Church.- Powerful Currents Affecting Church Growth in the 1990. aSEG42 aSEG41 aSEG40 aSEG39 aP94 aP87 aP86 aP85 aP77 aP76 aP3504aCRECIMIENTO DE IGLESIA - COMPENDIOS, MANUALES, ETC. ajckbjvqcjck 2ddccBOOK a254.502 W74wDEWEYc1i41870lCCODEBUL1mBULr0sYtBOOKu2015-6-16xTEOLOGIAzUNKNOWN0COMPRAo.STAFF. Colección General aC0bPEPRU a1 a254.502 W74wDEWEYc59632i41870f2021-11-10g5lCCODEBUL1mBULr0sYtBOOKu2015-6-16xTEOLOGIAzUNKNOWN0COMPRAo.STAFF. Colección Generald59632 81gALBERTO SANCHEZ Responsable de Automatización r2025-12-02 00:00:00i6l0o254.502 W74p41870te1w2015-06-16xPGyBKzinventario-2023-12-13102ddc50708GENfP94aBULbBULcGENd2015-06-16eCOMPRA